Score 0/9 Timer 02:00
0 Plays Today
Year Movie % Correct
1988Big
93.7%
1993Philadelphia
60.6%
1984Splash
50.7%
2016Sully
33.7%
2016Inferno
16%
1987Dragnet
13.9%
1985Volunteers
12.6%
1988Punchline
11.3%
2015Ithaca
8.6%

You're not logged in!

Compare scores with friends on all Sporcle quizzes.
OR
Log In

Sporcle TV

Today on Sporcle TV


Watch our educational content, quiz creation guides, and fun videos on Sporcle TV.

Show Comments

Extras

Top Quizzes Today


Score Distribution

Paid Content

Your Account Isn't Verified!

In order to create a playlist on Sporcle, you need to verify the email address you used during registration. Go to your Sporcle Settings to finish the process.

Report this User

Report this user for behavior that violates our Community Guidelines.

Details: